Count In Binary Numerals – 30 Seconds Sprint - Statistics

General Stats
  • This quiz has been taken 56 times
  • The average score is 15 of 50
Answer Stats
# % Correct
1
100%
10
94%
11
83%
100
78%
101
75%
110
75%
111
75%
1000
69%
1001
69%
1010
61%
1011
58%
1100
56%
1101
56%
1110
53%
1111
53%
10000
50%
10001
47%
10010
39%
10011
33%
10100
33%
10101
33%
10110
28%
10111
25%
11000
17%
11001
17%
11010
14%
11011
11%
11100
8%
11101
8%
11110
8%
11111
6%
100000
3%
100001
3%
100010
3%
100011
3%
100100
3%
100101
3%
100110
3%
100111
3%
101000
3%
101001
3%
101010
3%
101011
3%
101100
3%
101101
3%
101110
3%
101111
3%
110000
3%
110001
3%
110010
3%
No matching quizzes found
Score Distribution
Percent of People with Each Score
Percentile by Number Answered
Your Score History
You have not taken this quiz